| 000 | 00652nam a22002057a 4500 | ||
|---|---|---|---|
| 003 | NUST-PNEC | ||
| 005 | 20170116180733.0 | ||
| 008 | 141119b xxu||||| |||| 00| 0 eng d | ||
| 020 | _a0072261714 | ||
| 040 | _cPNEC | ||
| 082 | _a005.133 KEN | ||
| 100 |
_91006 _aKent Jeffrey A |
||
| 245 |
_aVisual Basic 2005 demystified _cJeffrey A Kent |
||
| 260 | _aNew York : McGraw-Hill, 2006. | ||
| 300 |
_axxvi, 333 p. : _bill. : |
||
| 500 | _aIncludes index. | ||
| 650 | _xMIS, Computer | ||
| 856 | _uhttp://www.amazon.com/Visual-Basic-2005-Demystified-Jeff/dp/0072261714/ref=sr_1_8?ie=UTF8&qid=1416379146&sr=8-8&keywords=0072261714 | ||
| 942 |
_2ddc _cBK |
||
| 999 |
_c61843 _d61843 |
||